00679nam a2200205 i 4500001000300000245007900003260003000082300002600112500004100138504002400179650001600203700003200219700003800251020001500289040000800304041001200312080001000324008004100334856009800375bg00aPrzysłowia świata /czebrali i oprac. Danuta i Włodzimierz Masłowscy. aKęty :b"Antyk",c1998. a503, [1] s. ;c23 cm. aTekst gł. tł. z różnych jęz. aBibliogr. s. [504]. 9aPrzysłowia1 aMASŁOWSKA, Danuta.eOprac.1 aMASŁOWSKI, Włodzimierz.eOprac. a8390804778 cBPK1 aplhmul a82-84 s pl f |000 0 pol  uhttp://koha.tu.koszalin.pl/cgi-bin/koha/opac-detail.pl?biblionumber=39731yKatalog online BPK